[Event "Nancy"]
[Site "Nancy"]
[Date "2005.02.15"]
[Round "2"]
[White "Nezar, Mustapha"]
[Black "Marzolo, Cyril"]
[Result "1-0"]
[WhiteElo "2375"]
[BlackElo "2428"]
[Annotator "Mueller,Karsten"]
[PlyCount "129"]
[EventDate "2005.02.14"]
[EventType "tourn"]
[EventRounds "9"]
[EventCountry "FRA"]
[EventCategory "10"]
[SourceTitle "CBM 106"]
[Source "ChessBase"]
[SourceDate "2005.06.06"]
[SourceVersion "1"]
[SourceVersionDate "2005.06.06"]
[SourceQuality "1"]

1. d4 Nf6 2. c4 g6 3. Nc3 d5 4. cxd5 Nxd5 5. Bd2 Bg7 6. e4 Nxc3 7. Bxc3 c5 8.
d5 Bxc3+ 9. bxc3 O-O 10. Nf3 e6 11. Be2 exd5 12. exd5 Bg4 13. O-O Qd6 14. Rb1
Nd7 15. h3 Bxf3 16. Bxf3 b6 17. Re1 Ne5 18. Be2 c4 19. Qd4 Rac8 20. f4 Nd3 21.
Bxd3 cxd3 22. Rbd1 Rfd8 23. Rxd3 Qc5 24. Qxc5 Rxc5 25. d6 Kf8 26. Kf2 Rc6 27.
Red1 Ke8 28. Re1+ Kf8 29. Red1 Ke8 30. d7+ Ke7 31. Kf3 h5 32. g4 hxg4+ 33. Kxg4
f6 34. Re1+ Kf7 35. Red1 Ke7 36. Re3+ Kf7 37. Rd4 Rc7 38. Red3 Rc5 39. h4 Rc7
40. Rd6 Ke7 41. R6d4 Kf7 42. Rd6 Ke7 43. R6d4 Kf7 44. f5 Rc5 45. fxg6+ Kxg6 46.
Re3 Kf7 47. h5 Rc7 48. Red3 Kg7 49. Kf5 Rc5+ 50. Rd5 Rxd7 51. Rxc5 Rxd3 52.
Rc7+ Kh6 53. Kxf6 Kxh5 54. Ke5 a5 55. a4 Kg4 56. Rc6 Kf3 57. Rxb6 Rxc3 58. Rb5
Ke3 59. Rxa5 Kd3 60. Kd6 Ra3 61. Kc5 {[%tqu "De","Schwarz zieht und hält
remis","","","d3c3","",7,"d3c2","",0]} Kc3 $2 {nimmt dem Turm die Möglichkeit,
auf der c-Linie Schach zu bieten} (61... Kc2 $1 62. Kb4 (62. Ra8 Rc3+ 63. Kb5
Rb3+ 64. Ka6 Kc3 65. a5 Kc4 66. Ka7 Kc5 67. a6 Kc6 68. Rb8 Ra3 $11) 62... Rb3+
63. Kc5 Ra3 64. Kb5 Kc3 65. Ra8 Rb3+ 66. Kc5 Rb4 67. a5 Rc4+ 68. Kb5 Rb4+ 69.
Ka6 Kc4 70. Rc8+ Kd5 71. Ka7 Kd6 $11) 62. Ra8 Kb3 63. Kb5 Ra1 64. a5 Rh1 65.
Rc8 1-0

[Event "Olympiad-37"]
[Site "Turin"]
[Date "2006.05.23"]
[Round "3"]
[White "Jobava, Baadur"]
[Black "Cuartas, Jaime Alexander"]
[Result "1/2-1/2"]
[WhiteElo "2646"]
[BlackElo "2458"]
[Annotator "Mueller,Karsten"]
[PlyCount "132"]
[EventDate "2006.05.21"]
[EventType "team-swiss"]
[EventRounds "13"]
[EventCountry "ITA"]
[SourceTitle "CBM 113"]
[Source "ChessBase"]
[SourceDate "2006.07.31"]
[SourceVersion "1"]
[SourceVersionDate "2006.07.31"]
[SourceQuality "1"]
[WhiteTeam "Georgia"]
[BlackTeam "Columbia"]
[WhiteTeamCountry "GEO"]
[BlackTeamCountry "COL"]

1. d4 d5 2. Nf3 Nf6 3. c4 c6 4. Nc3 g6 5. cxd5 Nxd5 6. e4 Nxc3 7. bxc3 Bg7 8.
Bc4 O-O 9. O-O b6 10. Bg5 Qc7 11. Re1 Ba6 12. Bxa6 Nxa6 13. Qd3 Nb8 14. e5 e6
15. h4 c5 16. h5 cxd4 17. cxd4 Nc6 18. Qe4 Nb4 19. Bd2 Nd5 20. h6 Bh8 21. g4 f5
22. exf6 Rxf6 23. g5 Rff8 24. Qxe6+ Qf7 25. Kg2 Qxe6 26. Rxe6 Rf5 27. Rf1 Raf8
28. Ne5 Nf4+ 29. Bxf4 Rxf4 30. d5 Bxe5 31. Rxe5 R8f5 32. Rxf5 Rxf5 33. f4 Rxd5
34. Rc1 Rf5 35. Kf3 b5 36. Ke4 b4 37. Rc8+ Rf8 38. Rc7 Rf7 39. Rc5 Rb7 40. Rc8+
Kf7 41. Kd5 Rb5+ 42. Kd4 Rb7 43. Kc4 Ke6 44. Rf8 Rf7 45. Re8+ Kf5 46. Rg8 Kg4
47. Rg7 Rxf4+ 48. Kb5 Kxg5 49. Rxh7 a6+ 50. Kxa6 Rf2 51. Kb5 Rxa2 52. Kxb4 Rh2
53. Kc3 Rxh6 54. Rd7 Rh2 55. Rd4 Re2 56. Rd1 Rf2 $2 {It was not necessary to
let the white king get any closer. Dies lässt den weißen König ohne Not näher
heran.} (56... Kh4 57. Rh1+ (57. Rd4+ Kg3 58. Rd5 Kf4 59. Rd4+ Re4 60. Rd1 g5
61. Kd3 Re3+ 62. Kd2 Re5 63. Rf1+ Kg3 64. Kd3 g4 $19) 57... Kg3 58. Kd3 Rg2 59.
Ke3 g5 60. Rh8 g4 61. Rh7 Rg1 62. Ke2 Kg2 63. Rh8 g3 64. Rh7 Ra1 65. Rh8 Kg1
66. Rh7 g2 67. Rh8 Ra5 68. Rh7 Re5+ 69. Kd2 Kf2 70. Rf7+ Kg3 71. Rg7+ Kf3 72.
Rf7+ Kg4 73. Rg7+ Rg5 $19) 57. Rg1+ Kf5 58. Kd3 g5 59. Ke3 Rf4 60. Rg2 g4 61.
Rf2 Rxf2 62. Kxf2 Kf4 63. Kg2 g3 64. Kg1 Kf3 65. Kf1 g2+ 66. Kg1 Kg3 1/2-1/2

[Event "Kharkov Rector Cup 4th"]
[Site "Kharkov"]
[Date "2002.03.24"]
[Round "3"]
[White "Eljanov, Pavel"]
[Black "Kovchan, Alexander"]
[Result "1-0"]
[WhiteElo "2540"]
[BlackElo "2507"]
[Annotator "Postny,E"]
[PlyCount "99"]
[EventDate "2002.03.22"]
[EventType "tourn"]
[EventRounds "10"]
[EventCountry "UKR"]
[EventCategory "13"]
[SourceTitle "CBM 089"]
[Source "ChessBase"]
[SourceDate "2002.08.12"]
[SourceVersion "1"]
[SourceVersionDate "2002.08.12"]
[SourceQuality "1"]

1. Nf3 Nf6 2. c4 g6 3. Nc3 d5 4. cxd5 Nxd5 5. Qb3 {A rare move. Other common
possibilities are: 5.Qa4, 5.g3, 5.e4, 5.h4.} Nb6 6. d4 Be6 {Usually black
plays here 6...Bg7 first, but the move in the text leads to a transposition
anyway.} 7. Qc2 Bg7 8. Bg5 {Other options are: 8.Bf4, 8.e4.} h6 {More popular
move here is 8...Nc6.} (8... Nc6 9. Rd1 h6 10. Bh4 O-O 11. e3 Nb4 12. Qb1 Qd7
13. Be2 N4d5 14. O-O Nxc3 15. bxc3 Nd5 16. Qc1 Bf5 $11 {1/2-1/2 Gulko,
B-Tseitlin,M/Beersheba 1993/CBM 38 (21)}) 9. Bh4 O-O 10. e3 $146 (10. e4 Bxd4
11. Nxd4 Qxd4 12. Bxe7 Re8 13. Bh4 Nc6 14. Bb5 Nb4 15. Qd2 c6 16. a3 cxb5 17.
axb4 Qxd2+ 18. Kxd2 g5 19. Bg3 a6 {1/2-1/2 Gulko,B-Bagirov,V/Moscow 1973 (27)})
({The most flexible move seems to be} 10. Rd1 {- see the game Pelletier,
Y-Svidler,P/Biel GM 2001/CBM 85 [Pelletier]}) 10... N8d7 11. Rd1 {This move
prevents, at least for some time, black's possible counterplay with c7-c5
strike.} Rc8 {[%cal Gc7c5]} 12. e4 {Now white is ready to meet c7-c5 with
d4-d5.} (12. Be2 c5 $11) 12... Bg4 13. Be2 Qe8 {Moving the Q out of an
unpleasant pins on "d" file and on h4-d8 diagonal.} 14. O-O c5 $6 {Not the
best choice.} ({More solid is:} 14... e5 15. dxe5 (15. d5 c6 $13) 15... Nxe5 (
15... Bxf3 $6 16. Bxf3 Nxe5 17. Be2 $14) 16. Nxe5 Bxe2 17. Qxe2 Qxe5 $11) 15.
d5 c4 {[%cal Yd7c5]} ({Deserved attention} 15... f5 $5 16. exf5 (16. h3 $2 Bxf3
17. Bxf3 f4 {[%csl Rh4][%cal Rg6g5]}) 16... Bxf5 17. Qc1 Qf7 18. Rfe1 $14) 16.
h3 Bxf3 17. Bxf3 Nc5 (17... Ne5 $6 18. Be2 {[%cal Gf2f4]}) 18. Bg4 {Pair of
good BB and strong pawncentre makes white's position better.} e6 (18... Rd8 19.
Bg3 Nd3 20. Bc7 Ra8 21. b3 $16) 19. dxe6 $2 {This decision is wrong.Now black
gets much more influence in the centre.} (19. d6 {[%cal Gh4e7]} Qd7 20. Be7
Rfe8 21. Be2 $16 {[%csl Yd3][%cal Gf2f4]}) 19... fxe6 $1 {[%csl Yd5]} (19...
Nxe6 $2 20. Nd5 Nxd5 21. exd5 Nd4 22. Rxd4 $1 Bxd4 23. Bxc8 Qxc8 24. Rd1 $16 {
[%csl Gd5]}) 20. Bg3 (20. Be2 Nca4 21. Nxa4 Nxa4 $132) 20... Nd3 21. Bd6 $1 (
21. Be2 Nxb2 $5 (21... Nf4 $132) 22. Qxb2 Na4 23. Nxa4 $1 Bxb2 24. Nxb2 $13)
21... Rf7 22. e5 {Fighting for the initiative. White actually wants to get rid
of his Pe5 in order to open the "e" file as well as b1-h7 diagonal for his
heavy pieces.} (22. Be2 Rd7 $132 (22... Nxb2 $6 23. Qxb2 Na4 24. Nxa4 Bxb2 25.
Nxb2 $14)) 22... Kh7 {protecting the Pg6.} (22... Bxe5 $2 23. Bxe5 Nxe5 24. Ne4
{[%csl Rd6]}) 23. Be2 (23. Qe2 $6 Nd7) 23... Nxe5 24. Bxe5 (24. Qe4 $2 Qc6 25.
Qe3 Nd3 $1 $17) 24... Bxe5 25. Qe4 Bxc3 $2 {This exchange seriously weakens
the defense around the black K, especially when black's pawnstructure on the
kingside is not the best, to say the least.} (25... Qh8 $1 26. Bh5 Rg8 27. Rd8
$1 Qf6 28. Rxg8 Kxg8 29. Bxg6 {with approximately equal chances.}) 26. bxc3 Nd5
(26... Qc6 27. Qe5 Rf5 28. Qg3 Nd5 29. Bg4 $44) 27. Qe5 Rf5 28. Qg3 Qf7 $6 {
This is not the best place for the Q.} (28... Qc6) 29. Bg4 Nf4 (29... Rf6 $2
30. Rxd5 $18 {[%csl Rc8]}) 30. Rd4 Rf8 (30... Rcc5 $5) 31. Re1 Nxg2 $2 {
Black misses white's reply.} (31... Ra5 32. Red1 Kh8 $13) 32. Red1 $1 $18 {
[%cal Rd4d7] This simple intermediate move is a refutation of black's 31...Ng2.
Too many black's pieces are hanging.} Nf4 33. Rd7 h5 34. Rxf7+ $2 {
Surprisingly this obvious capture gives black some counterchances.} ({Simply
winning was} 34. Bxf5 $1 Ne2+ 35. Kg2 Nxg3 36. Bxe6 {and white remains with a
piece up.}) 34... R8xf7 {The game is not over yet, in spite of white's big
material advantage. The Bg4 is trapped.} {[%tqu "En","How should white
continue?","","","g3h2","",10]} 35. Qh2 $1 {The only move, that keeps white's
position winning.} (35. Bf3 $4 Rg5 $1 $19) 35... Rg5 $6 (35... Ra5 {was better
attempt to muddy the waters.} 36. Bf3 Rxa2 (36... Rg5+ 37. Kf1 Nd3 38. Qb8 (38.
Be4 Rxf2+ 39. Qxf2 Nxf2) 38... Rgf5 39. Be4) 37. Qg3 Rc2 38. Rd4 Nxh3+ 39. Qxh3
Rxc3 40. Kg2 (40. Qxe6 $2 Rcxf3) 40... b5 41. Rd6 Rcxf3 42. Qxf3 Rxf3 43. Kxf3
$18 {[%csl Gd6]}) 36. Kf1 {The white K stands now out of black's N check and
the Bg4 is saved.} Nd3 ({The main point of 35.Qh2 is:} 36... hxg4 37. hxg4+ Kg7
38. Rd8 $18 {[%cal Rh2h8]}) (36... Ra5 37. Be2 $18) 37. Bxe6 Rxf2+ 38. Qxf2
Nxf2 39. Kxf2 {Finally white remained with a piece up. The endgame is easily
won.} Re5 40. Bxc4 Rc5 41. Rd4 b5 42. Bd3 Rxc3 43. Rd7+ Kh6 44. Rd6 Kg5 45. Kg3
$1 {Black's K is in the mating net now.} h4+ 46. Kf3 Ra3 47. Rxg6+ Kh5 48. Rd6
Rxa2 49. Bxb5 Ra3+ 50. Kf4 {[%csl Rh5][%cal Rb5e8,Rb5e2]} 1-0

[Event "CUB-ch"]
[Site "Holguin"]
[Date "2002.04.07"]
[Round "7"]
[White "Nogueiras Santiago, Jesus"]
[Black "Herrera, Irisberto"]
[Result "1-0"]
[WhiteElo "2521"]
[BlackElo "2474"]
[Annotator "Postny,E"]
[PlyCount "111"]
[EventDate "2002.03.31"]
[EventType "tourn"]
[EventRounds "17"]
[EventCountry "CUB"]
[EventCategory "9"]
[SourceTitle "CBM 089"]
[Source "ChessBase"]
[SourceDate "2002.08.12"]
[SourceVersion "1"]
[SourceVersionDate "2002.08.12"]
[SourceQuality "1"]

1. c4 Nf6 2. Nc3 d5 3. cxd5 Nxd5 4. Nf3 g6 5. Qb3 {This is rare line, but as
practice shows, it's not easy for black to get a good game here.} (5. Qa4+ Bd7
6. Qb3 Nb6 7. d4 Bg7 8. Bg5 Be6 9. Qc2 {may lead to an identical position with
different moves order.}) ({Other popular moves in this position are:} 5. g3) (
5. e4) 5... Nb6 6. d4 Bg7 7. Bg5 Be6 8. Qc2 Nc6 9. Rd1 Nb4 (9... h6 10. Bh4 O-O
11. e3 Nb4 12. Qb1 Qd7 13. Be2 N4d5 14. O-O Nxc3 15. bxc3 Nd5 16. Qc1 Bf5 $11 {
1/2-1/2 Gulko,B-Tseitlin,M/Beersheba 1993/CBM 38 (21)}) 10. Qb1 O-O 11. e3 (11.
e4 Bg4 12. Be2 Bxf3 13. Bxf3 Nc6 14. d5 Ne5 15. Be2 Nec4 16. O-O Qd6 17. b3 Qe5
18. bxc4 Qxg5 19. f4 $14 {1/2-1/2 Gulko,B-Tseshkovsky,V/Barnaul 1984/MCD (31)})
11... N4d5 (11... a5 12. Be2 a4 13. O-O h6 14. Bh4 c6 15. h3 N4d5 16. Rc1 a3
17. Nxd5 Bxd5 18. b3 f5 19. Bg3 Nd7 20. Bc4 $14 {1-0 Karpov,A-Vaganian,R/Riga
1970/URS-ch (42)}) 12. Ne4 $146 {White wants to control both c5 and e5 squares
in order to prevent black's counterplay by breaking white's pawncentre.} (12.
Be2 Rb8 13. O-O Nxc3 14. bxc3 Bc4 15. Bxc4 Nxc4 16. Qb4 Nd6 17. Rfe1 Re8 18. e4
$14 {1/2-1/2 Maki Uuro,M-Varho,I/Espoo 1990/EXT 2000 (76)}) 12... Bf5 ({
An aggressive attempt} 12... h6 13. Bh4 g5 14. Bg3 f5 $6 {doesn't work because
of} 15. Nc5 {[%csl Re6]}) 13. a3 {[%csl Yb4][%cal Yf1d3]} Nd7 $1 {[%csl Yc5,
Ye5]} 14. Bd3 c6 (14... Qc8 $6 {[%cal Gc7c5]} 15. O-O c5 $2 16. Nxc5 Nxc5 17.
Bxf5) 15. O-O Qb6 {Black is preparing e7-e5 strike, so black's Q should stay
out of pins.} 16. Qc2 a5 17. Rd2 e5 {It can be concluded, that white did not
get much after the opening.} 18. dxe5 Nxe5 19. Nxe5 Bxe5 20. Rfd1 (20. Nc5 Bxd3
21. Rxd3 Qxb2 22. Qxb2 Bxb2 23. Rb1 Bg7 24. e4 Nc3 25. Rxb7 Rfb8 $11) 20... Qc7
21. h3 Bg7 $6 {This is inaccuracy.The was no reason to move the Be5 from it's
central position.} ({Logical is} 21... Rfe8 {with approximate equality.}) 22.
Bh4 $1 {[%csl Rd6][%cal Gh4g3] Strong manoeuvre.} Be5 $6 {This inaccuracy has
more serious consequences, then the previous one. Black actually lost two
tempos.} (22... Rfe8 $142 23. Bg3 (23. Nc5 Bxd3 24. Rxd3 f5) 23... Be5 24. Bxe5
Qxe5) 23. Nc5 Bxd3 24. Rxd3 {Black can not prevent the e3-e4 push.} Rfe8 $6 (
24... b6 $142 25. e4 bxc5 26. exd5 cxd5 27. Rxd5 $16) 25. e4 {Driving back the
Nd5 from it's active position.} Nb6 26. a4 $1 {Suddenly black finds himself in
total passivity.} h6 27. f3 g5 28. Bf2 Re7 {Black can not fight for the "d"
file, because of weakness on b7. White is totally dominating.} 29. Kh1 Rb8 30.
Qb3 Kg7 31. Be3 ({Nogueiras could win the pawn already by} 31. Ne6+ Rxe6 32.
Bxb6 Qe7 33. Bxa5 {but probably he was looking for more...}) 31... Ra8 32. Bd4
({Also strong was} 32. R3d2 {[%cal Gc5d3]}) 32... Bxd4 33. Rxd4 Kh7 34. R4d3 (
34. Qc3 $142) 34... Rae8 35. Qc3 Qg3 {[%csl Re1][%cal Gb6d5]} 36. Rg1 (36. Qxa5
Nd5 $1 {[%cal Gd5f4] and black gets some counterchanses.}) 36... Qe5 $6 {
This exchange makes white's task much easier.} ({Better practical chance was} 
36... f5 37. Qxa5 Nc4 38. Qb4 Ne5) 37. Qxe5 Rxe5 38. Rc1 {[%csl Rb6,Rb7][%cal
Gd3b3] The threat 39.Rb3 is unanswerable.} f5 39. Rb3 Nc8 40. Rxb7+ Kg6 41.
exf5+ Kxf5 42. Ne4 {[%csl Ge4] The Ne4 prevents all possible counterplay. All
black's pieces are totally restricted.} R8e6 43. Rf7+ Kg6 44. Rc7 Ne7 45. Kh2 {
There is no need to hurry. White is a pawn ahead and in total control of the
position.} h5 46. Rc4 h4 (46... g4 47. Nc5 {and white will capture the Pg4 on
the next move.}) 47. Rc5 Rd5 48. Rc1 Rd4 49. b3 Rd5 50. Kg1 Ree5 51. Kf2 Re6
52. Rc2 Ree5 53. Re2 Re6 54. Nd2 {[%csl Ra5][%cal Gd2c4] This manoeuvre puts
an end to black's suffering.} Rxe2+ 55. Kxe2 Kf6 56. Nc4 1-0

[Event "Arber op 3rd"]
[Site "Bayerisch Eisenstein"]
[Date "2014.08.21"]
[Round "6"]
[White "Prusikin, Michael"]
[Black "Jansa, Vlastimil"]
[Result "1-0"]
[WhiteElo "2524"]
[BlackElo "2438"]
[Annotator "Prusikin,M"]
[PlyCount "91"]
[EventDate "2014.08.16"]
[EventType "swiss"]
[EventRounds "9"]
[EventCountry "GER"]
[SourceTitle "EXT 2016"]
[Source "ChessBase"]
[SourceDate "2015.10.08"]
[SourceVersion "1"]
[SourceVersionDate "2015.10.08"]
[SourceQuality "1"]

1. d4 Nf6 2. c4 g6 3. Nc3 d5 4. Nf3 Bg7 5. h4 dxc4 6. e4 c5 7. d5 b5 8. h5 Nxh5
9. Nxb5 Qa5+ 10. Nc3 Nd7 $5 $146 11. Bd2 Ba6 12. g4 $5 (12. Be2 $5) 12... Nhf6
13. Bh3 $1 (13. e5 $5 Nxg4 14. e6 Nde5 (14... fxe6 15. Ng5 h5 16. Be2 (16. Nxe6
Bd4 $17) 16... Nf8 17. dxe6 Rc8 18. Bf3 $13) 15. Ng5 f5 16. f3 Nf6 17. d6 Bb7
18. f4 {chaos rules}) (13. g5 $5 Ng4 14. d6 exd6 15. Nd5 c3 (15... Qd8 16. Bh3
f5 (16... Nge5 17. Nxe5 Bxe5 18. Qa4 Bb7 19. Ba5 Qc8 20. Nc7+ Ke7 21. f4 Bxb2
22. Rb1 c3 23. Kf2 $18) 17. exf5 gxf5 18. Qc2 $18) 16. Bxc3 Bxc3+ 17. bxc3
O-O-O $13) 13... h5 14. gxh5 Rxh5 $2 (14... Nxh5 $1 15. Bxd7+ Kxd7 16. Ng5 Nf4
$3 (16... Raf8 17. Qg4+ Kd8 (17... Ke8 18. Ne6 fxe6 19. Qxg6+ Kd8 20. Rxh5 $40)
18. d6 $1 exd6 (18... Nf6 19. Qf3 Rxh1+ 20. Qxh1 exd6 21. e5 $18) 19. Nxf7+
Rxf7 20. Qxg6 $14) 17. Qg4+ f5 $8 18. Rxh8 $8 fxg4 (18... Rxh8 19. Qxf4 Rh1+
20. Ke2 Rxa1 21. exf5 Bxc3 22. Bxc3 Qa4 $11) 19. Rxa8 $11) 15. Bxd7+ Nxd7 (
15... Kxd7 16. Rxh5 Nxh5 17. Ng5 Rf8 18. Qg4+ Ke8 19. Ne6 $1 $18) 16. Rxh5 gxh5
17. Ng5 Ne5 18. Qxh5 Qb6 19. Ne6 Bf6 20. Na4 $5 (20. f4 Nd3+ 21. Ke2 $18) 20...
Nd3+ 21. Ke2 Qd6 22. Bc3 $3 (22. Rg1 Kd7 $1 (22... c3 23. Rg8+ Kd7 24. Rxa8 $18
) 23. Qxf7 (23. Nexc5+ Nxc5 24. Qf5+ Ne6 25. Kf3 $11) 23... c3 24. Bxc3 Qh2 $3
(24... Ne5+ 25. Ke3 Nxf7 26. Naxc5+ $18) 25. Naxc5+ $3 Nxc5+ 26. Ke3 Nd3 27.
Nf8+ Kc7 (27... Rxf8 28. Qe6+ Kc7 29. Qxa6 $11) 28. d6+ Qxd6 29. Ne6+ Kd7 30.
Bxf6 Qxe6 31. Qxe6+ Kxe6 32. Bc3 $15) 22... Qxe6 (22... Kd7 23. Qxf7 $18) 23.
dxe6 Nf4+ 24. Kf3 Nxh5 25. Rh1 $18 Bxc3 26. bxc3 fxe6 27. Rxh5 O-O-O 28. Nxc5
Bb7 29. Rh7 Re8 30. Kf4 Bc6 31. Ke5 Bd7 32. f4 Kd8 33. Rh2 Kc7 34. Rd2 Bc8 35.
Nxe6+ Kc6 36. f5 Rh8 37. Rd8 Rxd8 38. Nxd8+ Kc7 39. Ne6+ Kc6 40. Nf4 Kd7 41.
Kd4 Bb7 42. e5 Bf3 43. Kxc4 Bg4 44. f6 exf6 45. exf6 Kd6 46. f7 1-0

[Event "Lienz op 20th"]
[Site "Lienz"]
[Date "2019.02.11"]
[Round "4"]
[White "Prusikin, Michael"]
[Black "Lin, Yi1"]
[Result "1-0"]
[WhiteElo "2517"]
[BlackElo "2345"]
[Annotator "Prusikin,M"]
[PlyCount "121"]
[EventDate "2019.02.09"]
[EventType "swiss"]
[EventRounds "9"]
[EventCountry "AUT"]
[SourceTitle "EXT 2020"]
[Source "ChessBase"]
[SourceDate "2019.10.17"]
[SourceVersion "1"]
[SourceVersionDate "2019.10.17"]
[SourceQuality "1"]

{[%evp 0,19,39,30,30,-1,41,41,73,39,76,24,24,0,0,0,0,0,0,-15,14,-37]} 1. d4 Nf6
2. c4 g6 3. Nc3 d5 4. Nf3 Bg7 5. h4 c6 6. cxd5 cxd5 7. Bf4 Nc6 8. e3 O-O 9. Ne5
(9. Qb3 $5 Na5 10. Qa3 Nc4 11. Bxc4 dxc4 12. O-O Bd7 13. Ne5 $14 {1/2-1/2 (74)
Fedoseev,V (2724)-Carlsen,M (2835) Wijk aan Zee 2019}) 9... Qb6 (9... Nxe5 10.
Bxe5 Ne4 11. Bxg7 Nxc3 (11... Kxg7 12. h5 $14) 12. bxc3 Kxg7 13. h5 $14) 10. a3
$6 (10. Qb3 $1 Qxb3 (10... Bf5 11. Qxb6 axb6 12. f3 $16 {1-0 (69) Shevchenko,K
(2549)-Goncalves,D (2177) Porto Carras 2018}) 11. axb3 Nb4 12. Kd2 h5 13. Nd3
Nc6 14. f3 Bf5 15. Ne5 Rfc8 16. Bb5 $14 {1-0 (49) Morozevich,A (2748)-Giri,A 
(2720) Beijing 2012}) 10... Ne4 (10... Ng4 $6 11. Na4 Qa5+ 12. b4 Nxb4 13. axb4
Qxb4+ 14. Qd2 Qxd2+ 15. Kxd2 Nxf2 16. Rg1 $14) (10... Nh5 $5 11. Nxc6 $1 $146
bxc6 12. Na4 Qd8 13. Bh2 $14) (10... Nxe5 $5 {0-1 (50) Li,D (2298)-Bai,J (2520)
Zhongshan 2015}) 11. Nxc6 $1 $146 bxc6 12. Na4 $1 (12. Nxe4 $6 dxe4 13. Qc2 c5
$1 $11) 12... Qa5+ 13. b4 Qd8 14. Bd3 $1 a5 15. O-O $1 axb4 16. axb4 (16. Bxe4
$5 dxe4 17. axb4 $14) 16... Ba6 17. Bxa6 Rxa6 18. Qd3 $1 Ra7 (18... Qa8 $2 19.
Nb6 $1 Rxa1 20. Nxa8 Rfxa8 21. Rb1 $16) 19. Nc5 (19. Nc3 $1 $16) 19... Nxc5 20.
bxc5 Qa8 {[#]} (20... Rxa1 21. Rxa1 e5 22. Bxe5 Bxe5 23. dxe5 Qxh4 24. Qa6 $16)
21. Rxa7 $5 {ich wollte die Chnace nutzen, h4-h5 zu spielen} (21. Qc3 $5 $14) (
21. Rab1 $5 $14) 21... Qxa7 22. h5 e5 $6 (22... Ra8 $1 23. Rb1 $14) 23. dxe5 $1
gxh5 (23... Qxc5 24. h6 Bh8 25. Ra1 Qe7 26. Qd4 f6 27. e6 $3 Qxe6 28. Ra7 Rf7
29. Ra8+ Rf8 30. Qa1 $18) 24. Rc1 $6 (24. Qf5 $5 Qxc5 25. Qxh5 d4 {zu viele
Bauern werden hier getauscht} 26. exd4 Qxd4 27. Bg3 Qe4 $11) (24. Qd4 $1 $14)
24... Re8 (24... Qd7 $1 $11) 25. Qf5 $14 Qe7 26. Qxh5 Bxe5 27. Qg4+ Kh8 28. Rb1
Bxf4 $6 29. Qxf4 $16 Kg7 30. Qg4+ Kh8 31. Qd4+ Kg8 (31... Qe5 $2 32. Rb8 $3 $18
) 32. Rb6 Qe6 33. Qf4 $6 {Tempoverlust} (33. Qa4 Rc8 34. Rb4 $16) 33... h6 {[#]
} 34. Qa4 $1 Rc8 35. Rb4 $1 Kh7 36. Rf4 Rg8 37. Qa7 Rg7 38. Qc7 $6 (38. Qb7 $1)
38... f5 $1 $11 39. Qb8 Rg4 $1 40. Rf3 Qe4 (40... d4 $11) 41. Rg3 $1 Rxg3 42.
Qxg3 Qg4 $2 (42... Qc2 $1 $11) 43. Qc7+ Kg8 44. Qd8+ Kf7 45. Qc7+ Kg8 46. g3 $1
Qg6 47. Kf1 Qf6 48. Ke2 $2 (48. Qd7 $18) 48... Kf8 $2 {[#]} (48... Qe6 $11) 49.
Qd7 $1 $18 Qb2+ 50. Kf3 Qe5 (50... Qf6 51. Kf4 Qg5+ 52. Ke5 f4+ 53. Qf5+ $18)
51. Qxc6 Qe4+ 52. Ke2 Qc4+ 53. Ke1 Qc1+ 54. Ke2 Qc4+ 55. Kd2 Qb4+ 56. Kc2 Qc4+
57. Kb2 Qe2+ 58. Ka3 Qxf2 59. Qxh6+ Kf7 60. Qf4 Qc2 61. Kb4 1-0

[Event "Zug Young Masters"]
[Site "Zug"]
[Date "1999.10.11"]
[Round "?"]
[White "Prusikin, Michael"]
[Black "Gormally, Daniel"]
[Result "1-0"]
[WhiteElo "2440"]
[BlackElo "2475"]
[Annotator "Prusikin,M"]
[PlyCount "63"]
[EventDate "1999.10.??"]
[EventType "tourn"]
[EventRounds "11"]
[EventCountry "SUI"]
[EventCategory "4"]
[SourceTitle "EXT 2013"]
[Source "ChessBase"]
[SourceDate "2012.11.22"]
[SourceVersion "1"]
[SourceVersionDate "2012.11.22"]
[SourceQuality "1"]

1. d4 Nf6 2. c4 g6 3. Nf3 Bg7 4. Nc3 d5 5. cxd5 Nxd5 6. Qb3 $5 {eine
brauchbare Nebenvariante} Nxc3 7. bxc3 c5 8. e3 O-O 9. Be2 Qc7 10. O-O b6 11.
Rd1 Bb7 12. Rb1 $5 {natürlicher erscheint} (12. Bb2 {mit der Idee c3-c4}) 12...
Be4 13. Rb2 Nc6 $6 (13... Nd7) 14. Nd2 $6 {das wirkt gekünstelt} (14. dxc5 bxc5
15. Qa4 $1 Bxf3 16. Bxf3 $14) 14... Na5 15. Qa3 Bd5 16. e4 Be6 $6 (16... Bb7 $1
) 17. d5 Bd7 18. Nf3 e6 19. d6 {die einzige Chance, um Vorteil zu kämpfen} Qc6
20. e5 Qa4 21. Qxa4 Bxa4 22. Re1 Rad8 23. Bf4 Bc6 24. Rd2 h6 25. h4 f6 26. exf6
Rxf6 27. Be5 Rf5 28. Bd3 $1 {Diagramm [#]} Rxe5 $6 (28... Bxe5 29. Nxe5 Rxd6
30. Bxf5 Rxd2 31. Bxe6+ Kg7 {führte zum völligen Ausgleich}) 29. Nxe5 Rxd6 30.
c4 $1 Bxe5 31. Rxe5 Nxc4 $4 (31... Kg7 32. Ree2 Kf6 {wäre immer noch OK gewesen
}) 32. Rxe6 $1 1-0